Score 0/20 Timer 06:00
0 Plays Today
Lyric Musical % Correct
'Doe a deer, female deer. Of golden sun ray a drop.'The Sound of Music
93.8%
'Cabaret old chum, life is.'Cabaret
81.4%
'Your bottom dollar that tomorrow bet, there, sun, will be.'Annie
79.6%
'Shoes of the buckles you will be wearing and all of that will be in the style of Jazz'Chicago
78.5%
'Cry for me, do not, Argentina. I never left you, the truth is. Yeesssssss.'Evita
77.6%
'Five hundred twenty-five thousand six hundred minutes. How you measure, measure a year, hmm? Herh herh herh.'Rent
76.3%
'Into the woods, time to go, is it, to leave I hate, to, I have to, though. Yes, hmmm.'Into the Woods
75%
'Time not older than this tale is. Rhyme not older than this song.'Beauty and the Beast
74.7%
'If biddy biddy rich, I were, idle-diddle-daidle-daidle man. Herh herh herh.'Fiddler on the Roof
73.1%
'Dolly, still glowin', you are, still crowin', you are, still goin' strong, you are.'Hello Dolly!
69.4%
Lyric Musical % Correct
'Sure smell sweet, where the waving wheat can when the wind comes right behind the rain.'Oklahoma!
52.6%
'Of day turn your face away from the garish light, your thoughts away from cold unfeeling light turn.'Phantom of the Opera
45.9%
'Dance shall we, one two three. Yes, hmmm.'The King and I
45.7%
'One thrilling combination, she makes every move that. Yes, hmmm.'A Chorus Line
43.2%
'Smile at the old days, I can, beautiful then, was I.'Cats
38%
'No business like show business like no business I know, there is.'Annie Get Your Gun
37.6%
'To me close every door. Hide those I love from me. Hmmmmmm.'Joseph and the Amazing Technicolor Dreamcoat
31.9%
'To bear unbearable sorrow, run where brave dare not go.'Man of La Mancha
30.3%
'And drag you under, the devil will, of your checkered coat by the sharp lapel.'Guys and Dolls
28.3%
'Noble tie that binds all human hearts and mind. Herh herh herh.'How to Suceed in Business Without Really Trying
10.1%
Remove Ads.
Support Sporcle.
Get the best of Sporcle when you Go Orange. This ad-free experience offers more features, more stats, and more fun while also helping to support Sporcle. Thank you for becoming a member.

You're not logged in!

Compare scores with friends on all Sporcle quizzes.
OR
Log In

Show Comments

Extras

Top Quizzes Today


Score Distribution

Your Account Isn't Verified!

In order to create a playlist on Sporcle, you need to verify the email address you used during registration. Go to your Sporcle Settings to finish the process.

Report this User

Report this user for behavior that violates our Community Guidelines.

Details: